Gaming Quiz

Random Gaming or Card Games Quiz

Pick a Card: Hard Quiz Stats

 Plays Quiz not verified by Sporcle

Score 0/20 Timer 01:00
1 Play Today
Question Answer Wrong Answers
Four of Hearts Four of Hearts
84.2%
Six of Hearts
1.1%
Five of Diamonds
1%
Four of Diamonds
2.4%
Two of Hearts Two of Hearts
84%
Three of Hearts
1%
Two of Diamonds
1.3%
Three of Diamonds
1.3%
Queen of Diamonds Queen of Diamonds
83.8%
King of Diamonds
1.4%
Queen of Clubs
1.7%
Jack of Spades
1%
Jack of Spades Jack of Spades
83.8%
Queen of Spades
1.4%
King of Clubs
1.2%
Ace of Spades
1.4%
Ten of Diamonds Ten of Diamonds
83.8%
Ten of Spades
1.8%
Eight of Clubs
1.2%
Eight of Hearts
1%
Two of Diamonds Two of Diamonds
83.5%
Ace of Diamonds
1.8%
Three of Diamonds
0.9%
Two of Hearts
1.8%
Seven of Diamonds Seven of Diamonds
83.3%
Seven of Spades
1.9%
Nine of Diamonds
1.5%
Nine of Spades
0.8%
Two of Clubs Two of Clubs
83.3%
Two of Hearts
2.6%
Four of Spades
1.4%
Three of Diamonds
1.2%
Jack of Diamonds Jack of Diamonds
83.3%
Jack of Hearts
1.4%
Jack of Clubs
1.6%
Jack of Spades
1.8%
Nine of Hearts Nine of Hearts
83.3%
Six of Hearts
1.3%
Ten of Hearts
1.6%
Nine of Diamonds
1.7%
Five of Hearts Five of Hearts
83.2%
Five of Diamonds
2%
Five of Clubs
1.2%
Four of Hearts
1.3%
Eight of Clubs Eight of Clubs
83.2%
Ten of Clubs
1.4%
Four of Clubs
0.9%
Eight of Diamonds
2.1%
Ace of Hearts Ace of Hearts
82.9%
Ace of Spades
2.5%
Two of Diamonds
0.9%
King of Hearts
1.2%
Four of Spades Four of Spades
82.5%
Six of Spades
1.3%
Four of Clubs
3.2%
Five of Clubs
1.5%
Ten of Spades Ten of Spades
82.4%
Ten of Clubs
3.2%
Eight of Diamonds
1.1%
Eight of Spades
1.5%
Three of Spades Three of Spades
82.3%
Three of Clubs
3.5%
Five of Spades
1.3%
Two of Clubs
1.1%
Seven of Clubs Seven of Clubs
80.2%
Five of Spades
1.3%
Eight of Spades
1%
Seven of Spades
6.3%
Ace of Clubs Ace of Clubs
79.7%
Ace of Spades
6.4%
Ten of Spades
1.2%
Six of Clubs
1.4%
Six of Clubs Six of Clubs
79.4%
Six of Spades
6.4%
Seven of Spades
1.3%
Five of Hearts
0.8%
King of Spades King of Spades
76.6%
Jack of Spades
1.7%
Jack of Clubs
1%
King of Clubs
8.2%

You're not logged in!

Compare scores with friends on all Sporcle quizzes.
OR
Log In

Show Comments

Extras

Top Quizzes Today


Score Distribution

Your Account Isn't Verified!

In order to create a playlist on Sporcle, you need to verify the email address you used during registration. Go to your Sporcle Settings to finish the process.

Report this User

Report this user for behavior that violates our Community Guidelines.

Details: